[Event "Berliner Sommer"]
[Site "Berlin"]
[Date "1993.??.??"]
[Round "?"]
[White "Golubev, Mihail"]
[Black "Lehmann, Karl Heinz"]
[Result "1-0"]
[WhiteElo "2500"]
[BlackElo "2295"]

1.e4 c5 2.Nf3 Nc6 3.Nc3 g6 4.d4 cxd4 5.Nxd4 Bg7 6.Be3 Nf6 7.Bc4 Qa5 8.O-O O-O
9.Bb3 d6 10.f3 Bd7 11.Nde2 Rfc8 12.Nf4 b5 13.a3 Rab8 14.Qe1 Qd8 15.h4 a5
16.a4 b4 17.Nb5 Ne5 18.Qe2 Bxb5 19.axb5 Nfd7 20.Nh3 Nc5 21.Ba2 Qd7 22.f4 Ng4
23.Ng5 b3 24.cxb3 Nxe3 25.Qxe3 Qxb5 26.b4 Qxb4 27.Bxf7+ Kh8 28.e5 dxe5 29.fxe5 Qxb2
30.Bc4 e6 31.h5 gxh5 32.Rxa5 Nb3 33.Bxe6 Rc2 34.Nf7+ Kg8 35.Qg3 Rxg2+ 36.Qxg2 Qxg2+
37.Kxg2 Nxa5 38.Ra1 Rb5 39.Nd6+  1-0

[Event "Berliner Sommer"]
[Site "Berlin"]
[Date "1993.??.??"]
[Round "?"]
[White "Gipslis, Aivars"]
[Black "Ciemniak, Robert"]
[Result "1-0"]
[WhiteElo "2505"]
[BlackElo "2415"]

1.e4 c5 2.Nf3 Nc6 3.Nc3 e5 4.Bc4 h6 5.d3 Nf6 6.Nd2 d6 7.Nf1 g6 8.Ne3 Bg7
9.g4 Ne7 10.h4 Be6 11.Qf3 a6 12.Bd2 b5 13.g5 hxg5 14.hxg5 Nh5 15.Bd5 b4 16.Ne2 Bxd5
17.exd5 Qd7 18.O-O-O O-O-O 19.Ng3 Nxg3 20.fxg3 Nf5 21.Nxf5 gxf5 22.Rhf1 Rdf8
23.Qxf5 Qxf5 24.Rxf5 Kd7 25.c3 a5 26.Kc2 Rh2 27.a3 Ke7 28.axb4 cxb4 29.Kb3 Rg2
30.Rf3 Re2 31.cxb4 axb4 32.Re3 Rxe3 33.Bxe3 Rb8 34.Ra1 Rb7 35.Ra7 Rxa7 36.Bxa7 Kd7
37.Be3 Kc7 38.Bd2 Kb6 39.Bxb4 Bf8 40.Kc4 Be7 41.Bd2 Bd8 42.Be3+ Ka5 43.b3 Be7
44.b4+ Ka6 45.b5+ Kb7 46.Kc3 Bd8 47.Kd2 Bb6 48.Ke2  1-0

[Event "Berliner Sommer"]
[Site "Berlin"]
[Date "1993.??.??"]
[Round "?"]
[White "Hector, Jonny"]
[Black "Ciemniak, Robert"]
[Result "0-1"]
[WhiteElo "2500"]
[BlackElo "2415"]

1.e4 c5 2.Nf3 Nc6 3.Nc3 e5 4.Bc4 h6 5.d3 Nf6 6.Nd2 a6 7.a4 d6 8.Nf1 g6 9.Ne3 Bg7
10.O-O Be6 11.Ncd5 O-O 12.c3 Rb8 13.Nxf6+ Qxf6 14.a5 h5 15.Qa4 Qd8 16.Bxa6 Ra8
17.Bxb7 Rxa5 18.Bxc6 Rxa4 19.Rxa4 Kh7 20.b4 Bd7 21.Ra6 Bxc6 22.Rxc6 cxb4
23.cxb4 Qa8 24.Rxd6 Qb8 25.Nc4 Qxb4 26.Ba3 Qa4 27.Rd5 Rb8 28.h3 Qc2 29.Ne3 Qb3
30.Nc4 Qc2 31.Bd6 Rb1 32.g3 f6 33.Rxb1 Qxb1+ 34.Kg2 Qb7 35.Bc5 Qc7 36.Bb6 Qb7
37.Bd8 f5 38.Nxe5 fxe4 39.Rd7 Qa6 40.dxe4 Qe6 41.Re7 Qc8 42.Bc7 Qa8 43.Nd7 Kg8
44.h4 Qa3 45.Re6 Qa2 46.Rd6 Qc2 47.Bb6 Qxe4+ 48.Kh2 Qf5 49.Be3 Kh7 50.Nb6 Be5
51.Rd7+ Kg8 52.Rd8+ Kg7 53.Nc4 Bc7 54.Rd4 Kg8 55.Nd2 Qf6 56.Ne4 Qxh4+ 57.Kg2 Qe7
58.Bg5 Qe5 59.Nf6+ Kf7 60.Rd5 Qc3 61.Rd7+ Ke6 62.Re7+ Kf5 63.Ne4 Qc2 64.Be3 Be5
65.Ng5 Bf6 66.Rf7 Qc6+ 67.Kh2  0-1

[Event "Berliner Sommer"]
[Site "Berlin"]
[Date "1993.??.??"]
[Round "?"]
[White "Kovalev, Andrei"]
[Black "Tennstedt, Andreas"]
[Result "1/2-1/2"]
[WhiteElo "2545"]
[BlackElo "2320"]

1.e4 c5 2.Nf3 Nc6 3.Nc3 g6 4.d4 cxd4 5.Nxd4 Bg7 6.Nb3 d6 7.Be2 Nf6 8.O-O O-O
9.Bg5 Be6 10.Kh1 Rc8 11.f4 a6 12.Bf3 Qc7 13.Re1 Rfe8 14.Nd5 Bxd5 15.exd5 Na5
16.c3 Qb6 17.Qc2 Nc4 18.Re2 Qc7 19.Rae1 Nb6 20.Qd1 Kf8 21.h3 h6 22.Bh4 Qc4
23.Rd2 Qa4 24.Rd4 Rc4 25.Bf2 Rxd4 26.Bxd4 Nfd7 27.Qb1 Bxd4 28.Nxd4 Nf6 29.b3 Qa5
30.c4 Qd2 31.Rd1 Qe3 32.Qc1 Qxc1 33.Rxc1 Rc8 34.Re1 Rc7 35.g4 Nbd7 36.Kg2 Nc5
37.Re3 Ncd7 38.h4 Ne8 39.Bd1 Nc5 40.Bc2 Kg7 41.h5 gxh5 42.Nf5+ Kf8 43.gxh5 Ng7
44.Nxg7 Kxg7 45.b4 Nd7 46.Rxe7 Kf8 47.Re4 Nf6 48.Rd4 Nxh5 49.c5 Nf6 50.Ba4 Ne8
51.Re4 Re7 52.Rxe7 Kxe7 53.Bxe8 Kxe8 54.Kg3 Kd7 55.Kg4 a5 56.a3 axb4 57.axb4 Kc7
58.Kh5 dxc5 59.bxc5 b5 60.cxb6+ Kxb6  1/2-1/2

[Event "Biel op"]
[Site "Biel"]
[Date "1993.??.??"]
[Round "5"]
[White "Istratescu, Andrei"]
[Black "Bancod, Ronald"]
[Result "1-0"]
[WhiteElo "2505"]
[BlackElo "2465"]

1.e4 c5 2.Nf3 Nc6 3.Nc3 g6 4.d4 cxd4 5.Nxd4 Bg7 6.Be3 Nf6 7.Bc4 O-O 8.Bb3 a5
9.a4 Ng4 10.Qxg4 Nxd4 11.Bxd4 Bxd4 12.Qg3 e6 13.O-O b6 14.e5 f6 15.Rad1 fxe5
16.Ne4 Bb7 17.c3 Bxe4 18.cxd4 exd4 19.Rxd4 d5 20.Qe5 Qe7 21.Rxe4 dxe4 22.Bxe6+ Rf7
23.Re1 Re8 24.Rxe4 Qxe6 25.Qxe6 Rxe6 26.Rxe6 Rf4 27.Rxb6 Rxa4 28.g3 Ra2 29.Rb7 a4
30.Kg2 a3 31.bxa3 Rxa3 32.g4 Rc3 33.f3 Rc2+ 34.Kg3 Ra2 35.h4 Ra4 36.h5 gxh5
37.gxh5 Rc4 38.f4 Rc1 39.Kg4 Rc5 40.Re7 Ra5 41.f5 h6 42.Kf4 Rb5 43.Rd7 Ra5
44.Ke4 Rb5 45.Rd5 Rb7 46.Rd6 Kg7 47.Ke5 Re7+ 48.Re6 Ra7 49.Rg6+ Kh7 50.Rd6 Kg7
51.Ke6 Rf7 52.Rd1 Rf6+ 53.Ke5 Rf7 54.Rg1+ Kh7 55.f6 Ra7 56.Rd1 Ra2 57.Ke6 Re2+
58.Kf7 Re5 59.Rd7 Re1 60.Re7 Ra1 61.Ke6+ Kg8 62.Re8+ Kh7 63.f7 Re1+ 64.Kd5 Rd1+
65.Ke4 Re1+ 66.Kd3 Rf1 67.f8=R  1-0

[Event "Bled op"]
[Site "Bled"]
[Date "1993.??.??"]
[Round "?"]
[White "Burovic, Ismet"]
[Black "Riegler, Primoz"]
[Result "1-0"]
[WhiteElo "2295"]
[BlackElo "2235"]

1.e4 c5 2.Nf3 Nc6 3.Nc3 d6 4.d4 cxd4 5.Nxd4 Nf6 6.Be2 e5 7.Nb3 Be7 8.O-O O-O
9.f4 a5 10.a4 Nb4 11.Bf3 Be6 12.Be3 exf4 13.Bxf4 Nxc2 14.Qxc2 Qb6+ 15.Kh1 Bxb3
16.Qd2 Qb4 17.g4 Rfe8 18.Nb5 Qxd2 19.Bxd2 Rec8 20.Nd4 Bc4 21.Nf5 Bf8 22.Rfe1 d5
23.e5 Ne4 24.Be3 Rc6 25.Nd4 Rg6 26.b3 Ba6 27.Rec1 Rd8 28.Rc7 Nc5 29.Rc1 b6
30.h4 Ne6 31.h5 Nxd4 32.hxg6 Nxf3 33.gxh7+ Kh8 34.e6 d4 35.e7  1-0

[Event "Wch U18"]
[Site "Bratislava"]
[Date "1993.??.??"]
[Round "10"]
[White "Berzinsh, Roland"]
[Black "Spangenberg, Hugo"]
[Result "1/2-1/2"]
[WhiteElo "2395"]
[BlackElo "2505"]

1.e4 c5 2.Nc3 Nc6 3.Nge2 g6 4.d4 cxd4 5.Nxd4 Bg7 6.Be3 Nf6 7.Bc4 O-O 8.Bb3 e6
9.O-O d5 10.exd5 exd5 11.h3 Re8 12.Re1 a6 13.Na4 Ne4 14.c3 Rb8 15.Ne2 Be6
16.Nf4 Qh4 17.Nxe6 fxe6 18.Nc5 Nxc5 19.Bxc5 Kh8 20.Qg4 Qf6 21.Re3 Bh6 22.Re2 Rbd8
23.Bb6 Rd6 24.Rae1 Ne5 25.Qa4 Nc6 26.Bd4 e5 27.Bxe5 Rxe5 28.Rxe5 Nxe5 29.Qe8+ Bf8
30.Qxe5 Qxe5 31.Rxe5 d4 32.cxd4 Rxd4 33.Re8 Kg7 34.Re2 Bb4 35.a3 Rd2  1/2-1/2

[Event "Wch U18"]
[Site "Bratislava"]
[Date "1993.??.??"]
[Round "11"]
[White "Berzinsh, Roland"]
[Black "Irzhanov, Ruslan"]
[Result "1/2-1/2"]
[WhiteElo "2395"]
[BlackElo "2385"]

1.e4 c5 2.Nc3 Nc6 3.Nge2 Nd4 4.Nd5 e6 5.Ne3 d5 6.exd5 exd5 7.c3 Nc6 8.d4 Nf6
9.g3 cxd4 10.Nxd4 Bc5 11.Bg2 O-O 12.O-O Be6 13.Nec2 Bg4 14.Qd3 Qd7 15.Re1 Rfe8
16.Bf4 h6 17.Re3 Bh5 18.Rxe8+ Rxe8 19.Nb3 Bb6 20.Ncd4 Bg6  1/2-1/2

[Event "Brussels zt"]
[Site "Brussels"]
[Date "1993.??.??"]
[Round "2"]
[White "Reinderman, Dimitri"]
[Black "Renet, Olivier"]
[Result "0-1"]
[WhiteElo "2415"]
[BlackElo "2535"]

1.e4 c5 2.Nc3 Nc6 3.Nge2 g6 4.d4 cxd4 5.Nxd4 Bg7 6.Nb3 Nf6 7.Be2 O-O 8.O-O d6
9.Re1 Be6 10.Bf1 Rc8 11.Bg5 h6 12.Bh4 Ne5 13.Nd5 Bxd5 14.exd5 Nc4 15.Rb1 Nb6
16.Bxf6 Bxf6 17.Qd2 Nc4 18.Qxh6 Nxb2 19.Re4 Qc7 20.Rxb2 Bxb2 21.Rh4 Rfe8
22.Nd4 Bxd4 23.Qh7+ Kf8 24.Rxd4 e5 25.dxe6 Rxe6 26.Qh6+ Kg8 27.c4 f5 28.g3 Qg7
29.Qd2 Qe7 30.h4 Kg7 31.h5 gxh5 32.Rh4 Rh8 33.Qd4+ Rf6 34.Qxa7 f4 35.Rh2 fxg3
36.fxg3 Qe1 37.Qxb7+ Kg6 38.Qd5 Qxf1+  0-1

[Event "Bucharest schev"]
[Site "Bucharest"]
[Date "1993.??.??"]
[Round "?"]
[White "Moldovan, Daniel"]
[Black "Bets, Anatolij"]
[Result "1/2-1/2"]
[WhiteElo "2435"]
[BlackElo "2260"]

1.e4 c5 2.Nc3 Nc6 3.Nge2 Nf6 4.g3 d5 5.exd5 Nxd5 6.Bg2 Nc7 7.d3 Bf5 8.O-O e6
9.Be3 Be7 10.d4 c4 11.d5 exd5 12.Nxd5 Nxd5 13.Qxd5 Qxd5 14.Bxd5 Bxc2 15.Bxc4 O-O
16.Rac1 Bf5 17.Nd4 Nxd4 18.Bxd4  1/2-1/2

[Event "Bucharest schev"]
[Site "Bucharest"]
[Date "1993.??.??"]
[Round "?"]
[White "Florescu, Codrut"]
[Black "Vlad, Decebal"]
[Result "1/2-1/2"]
[WhiteElo "2280"]
[BlackElo "2405"]

1.e4 c5 2.Nf3 Nc6 3.Nc3 e5 4.Bc4 d6 5.h3 Be7 6.d3 Nf6 7.Nh2 Be6 8.Ng4 Nd7
9.Ne3 O-O 10.O-O Bg5 11.Nb5 Nf6 12.Nd5 Bxc1 13.Nxf6+ Qxf6 14.Rxc1 Qd8 15.Nc3 Qd7  1/2-1/2

[Event "Budapest FS02 GM"]
[Site "Budapest"]
[Date "1993.??.??"]
[Round "?"]
[White "Nielsen, Peter Heine"]
[Black "Gyorkos, Lajos"]
[Result "0-1"]
[WhiteElo "2440"]
[BlackElo "2435"]

1.e4 c5 2.Nc3 Nc6 3.Nf3 d6 4.d4 cxd4 5.Nxd4 Nf6 6.Bg5 e6 7.Qd2 a6 8.O-O-O Bd7
9.f4 b5 10.Bxf6 gxf6 11.Qe1 Nxd4 12.Rxd4 Qb6 13.Rd2 b4 14.Nd1 a5 15.Kb1 a4
16.Ne3 Qc5 17.Bc4 Be7 18.Qe2 a3 19.Rf1 Bc6 20.Qd3 axb2 21.f5 Ra3 22.Bb3 Bb5
23.Nc4 Kd7 24.fxe6+ fxe6 25.e5 Bxc4 26.Qxc4 Qxc4 27.Bxc4 fxe5 28.Bb5+ Kd8
29.Rf7 d5 30.Rg7 Ra5 31.Bd3 h6 32.Rf2 e4 33.Be2 Rf8 34.Rxf8+ Bxf8 35.Rf7 Be7
36.Rh7 b3 37.cxb3 Ba3 38.b4 Bxb4 39.Kxb2 Bd2 40.Bg4 Ra6 41.Be2 Rc6  0-1

[Event "Budapest FS07 IM-B"]
[Site "Budapest"]
[Date "1993.??.??"]
[Round "2"]
[White "Berend, Fred"]
[Black "Sziebert, Adam"]
[Result "1/2-1/2"]
[WhiteElo "2295"]
[BlackElo "2285"]

1.e4 c5 2.Nc3 Nc6 3.Nf3 d6 4.g3 g6 5.d4 cxd4 6.Nxd4 Bg7 7.Nde2 Nf6 8.Bg2 O-O
9.O-O Bd7 10.h3 Rb8 11.a4 Qa5 12.Bd2 Rfc8 13.Nd5 Qd8 14.Ra2 Nxd5 15.exd5 Na5
16.b3 b6 17.Re1 Nb7 18.Bg5 h6 19.Be3 Qc7 20.Nd4 a5 21.Qd2 Kh7 22.h4 Nc5 23.h5 Rf8
24.hxg6+ fxg6 25.Bxh6 Bxh6 26.Rxe7+ Bg7 27.Ne6 Nxe6 28.dxe6 Rbe8 29.Rxd7 Qc5
30.Bh3 Rf3 31.c4 Rxg3+ 32.Kh2 Rxb3 33.Qf4 Qh5 34.Qg4 Qxg4 35.Bxg4 Rc3 36.f4 Rxc4
37.Kg3 Rc3+ 38.Kg2 Kg8 39.Re2 Rc4 40.Kg3 Rxa4 41.Rxd6 Bf8 42.Rxb6 Rd4 43.Bf3 Kg7
44.Bc6 Re7 45.Bd7 Kf6 46.Kf3 Bh6 47.Re4 Rd5 48.Rb1 g5 49.Rh1 Kg6 50.Re5 Rxe5
51.fxe5 a4 52.Ke4 a3 53.Ra1 Bf8 54.Rf1 a2 55.Ra1 Rh7 56.Be8+ Kg7 57.Rxa2 Rh4+
58.Kd5 Be7 59.Rf2 Rf4 60.Rg2 Rf5 61.Ba4 Rf4 62.Bc2 Rb4 63.Rf2 Rf4 64.Rh2 Rh4
65.Re2 Rb4 66.Bd3 Rf4 67.Rh2 Rh4 68.Ra2 Rh8 69.Ra7 Rd8+ 70.Ke4 Kf8 71.Be2 Rd2
72.Bd3 Rb2 73.Ra8+ Kg7 74.Re8 Rb7 75.Bc4 Ba3 76.Ra8 Be7 77.Kf5 Rb4 78.Rc8 Ra4
79.Rc7 Kf8 80.Kg6 Ra8 81.Bb3 Rb8 82.Bc2 Ra8 83.Kh7 Rd8 84.Rc3 Rd4 85.Rf3+ Rf4
86.Rb3 Rd4 87.Rb1  1/2-1/2

[Event "Budapest FS10 GM"]
[Site "Budapest"]
[Date "1993.??.??"]
[Round "3"]
[White "Kalesis, Nikolaos"]
[Black "Grivas, Efstratios"]
[Result "1/2-1/2"]
[WhiteElo "2410"]
[BlackElo "2505"]

1.e4 c5 2.Nf3 Nc6 3.Nc3 e5 4.Bc4 h6 5.d3 Nf6 6.Nd2 d6 7.Nf1 Bg4 8.f3 Be6
9.Ne3 Be7 10.Ncd5 O-O 11.O-O Rb8  1/2-1/2

[Event "Budapest FS04 IM"]
[Site "Budapest"]
[Date "1993.??.??"]
[Round "3"]
[White "Werner, Marc"]
[Black "Dambrauskas, Virginijus"]
[Result "1/2-1/2"]
[WhiteElo "2350"]
[BlackElo "2395"]

1.e4 c5 2.Nf3 Nc6 3.Nc3 e5 4.Bc4 Be7 5.d3 d6 6.Ng5 Bxg5 7.Qh5 g6 8.Qxg5 Qxg5
9.Bxg5 h6 10.Be3 Be6 11.O-O-O Nf6 12.h3 a6 13.Rhf1 g5 14.Bxe6 fxe6 15.g3 Nh5
16.Ne2 Ke7 17.c3 Raf8 18.Bd2 Rh7 19.Rde1 Rhf7 20.h4 Rg8 21.hxg5 hxg5 22.Rh1 Nf6
23.f3 c4  1/2-1/2

[Event "Budapest zt-A"]
[Site "Budapest"]
[Date "1993.??.??"]
[Round "4"]
[White "Gdanski, Jacek"]
[Black "Ermenkov, Evgenij"]
[Result "1/2-1/2"]
[WhiteElo "2480"]
[BlackElo "2505"]

1.e4 c5 2.Nc3 Nc6 3.Nge2 d6 4.d4 cxd4 5.Nxd4 Nf6 6.Bg5 e6 7.Qd2 a6 8.O-O-O Bd7
9.f3 b5 10.Nxc6 Bxc6 11.Ne2 Be7 12.Nd4 Bb7 13.h4 O-O 14.g4 Rc8 15.Kb1 Qc7
16.Be3 Nd7 17.g5 d5 18.g6 Bf6 19.gxf7+ Kxf7 20.Bh3 Rfe8 21.exd5 Bxd5 22.Bf4 Qc5
23.Nb3 Qe7 24.Bg5 Ne5 25.Qe3 Nc4 26.Qf4 Qc7 27.Qxc7+ Rxc7 28.Bxf6 gxf6 29.Bg4 Rd8
30.Rhe1 f5 31.Bh5+ Kf6 32.f4 Rg8 33.Rg1 Rcg7 34.Rxg7 Rxg7 35.Nc5 Ne3 36.Rc1 a5
37.a4 b4 38.Nb3 Rc7 39.Nxa5 Ra7 40.Nb3 Rxa4 41.Rg1 Ra8 42.Nc5 Ba2+ 43.Kc1 Rc8
44.Nd7+ Ke7 45.Rg7+ Kd6 46.Kd2 Nc4+ 47.Kc1 Ne3 48.Kd2 Nd5 49.Ne5 Nxf4 50.Nf7+ Kc5
51.Rxh7 Bd5 52.Bd1 Kd4 53.h5 Rg8 54.c3+ bxc3+ 55.bxc3+ Kc5 56.Ne5 Rg2+ 57.Ke3 Nh3
58.Nd3+ Kd6 59.Rf7 Be4 60.Ne1 Rg3+ 61.Kd2 Ng5 62.Ra7 Ke5 63.Rg7 f4 64.Rg8 Kf6
65.Rf8+ Nf7 66.Bc2 Bxc2 67.Nxc2 Rh3 68.c4 Rxh5 69.Nb4 Ke7 70.Rc8 Nd6 71.Rc7+ Kd8
72.Ra7 Nxc4+ 73.Kd3 Ne5+ 74.Ke4 f3 75.Nd3 Nxd3 76.Kxd3 Rf5 77.Ra1 Ke7 78.Ke3 f2
79.Ke2 Kf6 80.Kf1 Rf3 81.Ra8 Rf4 82.Rf8+ Kg5 83.Rg8+ Kh5 84.Re8 Rf6 85.Rh8+ Kg4
86.Rg8+ Kh5 87.Rh8+ Kg6 88.Rg8+ Kf7 89.Rg2 Rf5 90.Rxf2 Kf6 91.Ke2 Rxf2+ 92.Kxf2 Kf5
93.Kf3 Ke5 94.Ke3 Kd5 95.Kd3 e5 96.Ke3 e4 97.Ke2 Kd4 98.Kd2 e3+  1/2-1/2

[Event "Spring op"]
[Site "Budapest"]
[Date "1993.??.??"]
[Round "5"]
[White "Kupper, Patrick"]
[Black "Starosek, Konstantin"]
[Result "1/2-1/2"]
[WhiteElo "2265"]
[BlackElo "2450"]

1.e4 c5 2.Nc3 Nc6 3.Nge2 e5 4.Nd5 Nge7 5.Nec3 d6 6.Bc4 Nxd5 7.Nxd5 Be7 8.O-O O-O
9.d3 Be6 10.f4 exf4 11.Bxf4 Rb8 12.a4 Bg5 13.Qd2 Bxf4 14.Qxf4 Ne5 15.Rad1 a6
16.Ne3 b5 17.axb5 axb5 18.Bd5 b4 19.Rf2 h6 20.c3 bxc3 21.bxc3 Ng6 22.Qg3 Qg5
23.Bxe6 fxe6 24.Rxf8+ Rxf8 25.Qxg5 hxg5 26.g3 Rf3 27.Ng4 Nh8 28.Kg2  1/2-1/2

[Event "Budapest zt-B"]
[Site "Budapest"]
[Date "1993.??.??"]
[Round "6"]
[White "Kuczynski, Robert"]
[Black "Spasov, Vasil"]
[Result "0-1"]
[WhiteElo "2525"]
[BlackElo "2520"]

1.e4 c5 2.Nf3 Nc6 3.Nc3 Nf6 4.Bb5 g6 5.Bxc6 dxc6 6.h3 Bg7 7.d3 Nd7 8.Be3 e5
9.Qd2 Qe7 10.Bh6 Bxh6 11.Qxh6 f6 12.Nd2 Nf8 13.Ne2 Ne6 14.f4 exf4 15.Nxf4 Nxf4
16.Qxf4 Be6 17.O-O O-O 18.b3 Rad8 19.Rf2 Kg7 20.Raf1 Bg8 21.Qg3 Rde8 22.Nf3 b6
23.Qh4 Be6 24.Qg3 Bc8 25.Nd2 b5 26.Re1 Qe5 27.Qxe5 Rxe5 28.Ra1 a6 29.a4 f5
30.exf5 gxf5 31.Raf1 Rfe8 32.Rf4 Re2 33.R1f2 Re1+ 34.Kh2 R8e2 35.Kg3 Rxf2
36.Rxf2 Ra1 37.Re2 Kf6 38.Re8 Be6 39.Ra8 bxa4 40.Rxa6 Rd1 41.Nf3 axb3 42.cxb3 Bd5
43.d4 cxd4 44.b4 Ke7 45.Kf4 d3 46.Ke3 Be4 47.Nd4 Re1+ 48.Kd2 Rg1 49.Nxc6+ Kd6
50.Nd4+ Kd5 51.Kc3 Rc1+ 52.Kd2 Rc8 53.Ne6 Rc2+ 54.Kd1 Ke5  0-1

[Event "Budapest FS07 IM-B"]
[Site "Budapest"]
[Date "1993.??.??"]
[Round "6"]
[White "Dobos, Jozsef"]
[Black "Melzer, Christian"]
[Result "1-0"]
[WhiteElo "2350"]
[BlackElo "2100"]

1.e4 c5 2.Nf3 Nc6 3.Nc3 g6 4.d4 cxd4 5.Nxd4 Bg7 6.Nb3 Nf6 7.Be2 O-O 8.O-O Na5
9.Be3 d6 10.e5 Ne8 11.Nxa5 Qxa5 12.Nd5 Qd8 13.Bg5 f6 14.exf6 Nxf6 15.Bc4 e6
16.Nxf6+ Bxf6 17.Bxf6 Rxf6 18.Qd4 d5 19.Bb3 a5 20.a3 Ra6 21.Rad1 Kg7 22.c4 Qb6
23.Qc3 dxc4 24.Bxc4 Ra8 25.Qe5 Qc6 26.Bb5 Qc2 27.g4 h6 28.Rc1 Qd2 29.Rc7+  1-0

[Event "Spring op"]
[Site "Budapest"]
[Date "1993.??.??"]
[Round "7"]
[White "Kupper, Patrick"]
[Black "Gyorkos, Lajos"]
[Result "1/2-1/2"]
[WhiteElo "2265"]
[BlackElo "2435"]

1.e4 c5 2.Nc3 Nc6 3.Nge2 d6 4.d4 cxd4 5.Nxd4 Nf6 6.g3 g6 7.Bg2 Bg4 8.Nde2 Bg7
9.h3 Be6 10.O-O O-O 11.Nd5 Rc8 12.a4 a5 13.Be3 Bxd5 14.exd5 Nb4 15.c3 Na6
16.Re1 Nd7 17.Bd4 Re8 18.Bxg7 Kxg7 19.Nd4 Nf6 20.Rc1 Qd7 21.Re3 Rcd8 22.Qe2 Qxa4
23.Rxe7 Nc5 24.b3 Rxe7 25.Qxe7 Qd7 26.Qxd7 Rxd7 27.Ra1 b6 28.b4  1/2-1/2

[Event "Budapest FS12 GM"]
[Site "Budapest"]
[Date "1993.??.??"]
[Round "9"]
[White "Purtov, Andrei"]
[Black "Sinowjew, Juri"]
[Result "1-0"]
[WhiteElo "2430"]
[BlackElo "2350"]

1.e4 c5 2.Nc3 Nc6 3.Nge2 e5 4.Nd5 g6 5.Nec3 Bg7 6.Nb5 Kf8 7.a4 d6 8.Bc4 Nf6
9.d3 Nxd5 10.Bxd5 Be6 11.Nc3 Kg8 12.O-O h6 13.Bxe6 fxe6 14.Qg4 Kh7 15.Qxe6 Nd4
16.Qc4 Nxc2 17.Rb1 Nb4 18.Nd5 a5 19.Bd2 Nxd5 20.Qxd5 Qe7 21.f4 exf4 22.Bxf4 Rad8
23.Bd2 Rdf8 24.Bxa5 Bd4+ 25.Kh1 Rxf1+ 26.Rxf1 Rf8 27.Rb1 Qf6 28.h3 Qf4 29.Bc3 Bf2
30.Qxb7+ Rf7 31.Qb3 Bd4 32.Bxd4 cxd4 33.Qc4 Qf2 34.Rc1 h5 35.b4 Rf3 36.Qc7+ Kh6
37.Qc8 Rxd3 38.Rg1 Rb3 39.Qh8+ Kg5 40.Qd8+ Kh6 41.Qxd6 d3 42.Qc5 Qf4 43.Qc4 Ra3
44.a5 d2 45.Qd4 Qe3 46.Qh8+ Kg5 47.Qd8+ Kh6 48.h4 Kg7 49.Qe7+ Kg8 50.Qe6+ Kh7
51.Qf7+ Kh6 52.Rf1 Qe1 53.Qf4+ g5 54.hxg5+ Kg7 55.Kh2 h4 56.Qf6+ Kh7 57.Qh6+  1-0

[Event "Buenos Aires Najdorf op"]
[Site "Buenos Aires"]
[Date "1993.??.??"]
[Round "2"]
[White "Mendez, Gustavo"]
[Black "Del Rey, Diego"]
[Result "0-1"]
[WhiteElo "2300"]
[BlackElo "2380"]

1.e4 c5 2.Nc3 Nc6 3.Bb5 e5 4.Nge2 Nge7 5.O-O a6 6.Bxc6 dxc6 7.d3 Ng6 8.f4 exf4
9.Nxf4 Ne5 10.Qe1 Bd6 11.Nh5 O-O 12.Qg3 Ng6 13.Bf4 Bxf4 14.Nxf4 c4 15.Nxg6 hxg6
16.Qe3 cxd3 17.cxd3 Be6 18.d4 Qe7 19.Rad1 Rad8 20.Rfe1 Rfe8 21.Qf2 Qf6 22.Qxf6 gxf6
23.Kf2 Kg7 24.h3 Rd6 25.b3 Red8 26.Ke3 f5 27.d5 cxd5 28.exd5 Bxd5 29.Nxd5 Rxd5
30.Rxd5 Rxd5 31.Rc1 Re5+ 32.Kf3 Kf6 33.Rc7 Re7 34.Rc5 g5 35.Kf2 Rd7 36.Ke2 Rd4
37.Ke3 Rb4 38.Rc3 Kg6 39.a3 Rb6 40.b4 f4+ 41.Kf3 Rd6 42.Ke2 Rc6 43.Rd3 Rc2+
44.Kf3 Ra2 45.Rd6+ Kh5 46.Rb6 f5 47.Rxb7 Rxa3+ 48.Kf2 g4 49.hxg4+ fxg4 50.b5 Ra2+
51.Kf1 Kh4 52.bxa6 Kg3 53.Rb1 Rxa6 54.Kg1 Ra2 55.Kh1 Ra5 56.Kg1 f3 57.Rd1 Ra2
58.Kf1 Rf2+ 59.Ke1 fxg2  0-1

[Event "Buenos Aires Najdorf op"]
[Site "Buenos Aires"]
[Date "1993.??.??"]
[Round "3"]
[White "Garbarino, Rodolfo"]
[Black "Juarez, Alberto"]
[Result "1-0"]
[WhiteElo "2405"]
[BlackElo "2280"]

1.e4 c5 2.Nc3 Nc6 3.Nge2 e6 4.g3 Nf6 5.Bg2 Be7 6.O-O d6 7.d4 cxd4 8.Nxd4 Bd7
9.Ndb5 Qb8 10.a4 O-O 11.Bg5 a6 12.Bxf6 gxf6 13.Na3 Qa7 14.Kh1 Kh8 15.Nc4 Qc5
16.Nd2 Nd4 17.f4 Rg8 18.e5 f5 19.exd6 Bxd6 20.Nde4 fxe4 21.Nxe4 Qa7 22.Nxd6 Be8
23.c3 Nc6 24.Qh5 f6 25.Qh3 Bd7 26.Nf7+ Kg7 27.Rad1 b6 28.Nh6 Rgf8 29.f5 Rac8
30.Ng4 exf5 31.Qh6+  1-0

[Event "Calcutta op"]
[Site "Calcutta"]
[Date "1993.??.??"]
[Round "2"]
[White "Ermenkov, Evgenij"]
[Black "Pavanasam, Ananchaperumal"]
[Result "1-0"]
[WhiteElo "2505"]
[BlackElo "2315"]

1.e4 c5 2.Nc3 Nc6 3.Nge2 Nf6 4.g3 d6 5.Bg2 g6 6.d4 cxd4 7.Nxd4 Bg4 8.Nde2 Bg7
9.h3 Be6 10.Nd5 Rc8 11.c3 O-O 12.O-O Ne8 13.Re1 f6 14.Be3 Bf7 15.c4 e6 16.Ndc3 b6
17.Qd2 Ne7 18.b3 f5 19.Rad1 fxe4 20.Nxe4 Nf5 21.Bg5 Qc7 22.g4 h6 23.Bf4 e5
24.gxf5 exf4 25.fxg6 Bxg6 26.Nxf4 Bf7 27.Nd5 Qd8 28.Nxd6 Qxd6 29.Ne7+ Kh8
30.Nxc8 Qa3 31.Ne7 Bh5 32.Re6 Nf6 33.Rde1  1-0

[Event "Calcutta op"]
[Site "Calcutta"]
[Date "1993.??.??"]
[Round "7"]
[White "Shantharam, KV."]
[Black "Ganesan, Sankar"]
[Result "0-1"]
[WhiteElo "2255"]
[BlackElo "2340"]

1.Nc3 c5 2.e4 Nc6 3.Nf3 d6 4.Bc4 Nf6 5.d3 e6 6.O-O Be7 7.a3 O-O 8.Re1 a6
9.Ba2 b5 10.Ne2 Bd7 11.Ng3 a5 12.c3 Qc7 13.d4 c4 14.Qe2 d5 15.e5 Ne8 16.Bb1 f5
17.exf6 gxf6 18.Bh6 Rf7 19.Nh5 Bf8 20.Bxf8 Kxf8 21.Qe3 Qd6 22.Qh6+ Kg8 23.Nf4 Nd8
24.Nxd5 exd5 25.Ng5 Rg7 26.Nxh7 Nf7 27.Rxe8+ Rxe8 28.Nxf6+ Kf8 29.Qh8+  0-1

[Event "Capablanca mem-B"]
[Site "?"]
[Date "1993.??.??"]
[Round "5"]
[White "Garcia, Gildardo"]
[Black "Sanchez Almeyra, Jorge"]
[Result "1-0"]
[WhiteElo "2520"]
[BlackElo "2415"]

1.e4 c5 2.Nc3 Nc6 3.Nge2 g6 4.d4 cxd4 5.Nxd4 Bg7 6.Be3 Nf6 7.Bc4 O-O 8.Bb3 a5
9.a4 Nb4 10.Ndb5 d6 11.O-O Be6 12.Qe2 Bxb3 13.cxb3 Nd7 14.Rfd1 b6 15.Bg5 h6
16.Bh4 g5 17.Bg3 Nc5 18.h4 Qd7 19.hxg5 hxg5 20.Nd5 Nxd5 21.Rxd5 Qe6 22.Re1 Qg6
23.Qg4 Ne6 24.e5 dxe5 25.Bxe5 Rfd8 26.Nc3 Bf6 27.Rb5 Bxe5 28.Rbxe5 Rd4 29.Qf3 Ra7
30.Qc6 Rad7 31.Nd5 Nf8 32.Qxd7 Nxd7 33.Nxe7+ Kg7 34.Nxg6 Kxg6 35.Rb5 Rd2
36.b4 axb4 37.Rxb4 f6 38.Rb5 Nc5 39.b3 Nd3  1-0

[Event "Cappelle op"]
[Site "Cappelle la Grande"]
[Date "1993.??.??"]
[Round "4"]
[White "Atlas, Valeri"]
[Black "Bjornsson, Tomas"]
[Result "1-0"]
[WhiteElo "2470"]
[BlackElo "2295"]

1.e4 c5 2.Nc3 Nc6 3.Nge2 Nf6 4.g3 d5 5.exd5 Nxd5 6.Bg2 Nxc3 7.Nxc3 g6 8.d3 Bg7
9.Be3 Nd4 10.Ne4 f5 11.Nxc5 Qa5+ 12.c3 Qxc5 13.Bxd4 Bxd4 14.Qa4+ Bd7 15.Qxd4 Qxd4
16.cxd4 O-O-O 17.Kd2 Bb5 18.Rhc1+ Kb8 19.Rc5 Ba6 20.Ke3 Rd7 21.Ra5 Rd6 22.Rc1 Rhd8
23.d5 e6 24.b4 Rb6 25.Rb1 Bb5 26.a4 Be8 27.Kd4 Rbd6 28.Ke5 b6 29.Rc5 exd5
30.Rxd5 Rxd5+ 31.Bxd5 Bxa4 32.d4 Bd7 33.Bf7 Rf8 34.Be6 Bxe6 35.Kxe6 Re8+
36.Kd7 Re2 37.d5 Rxf2 38.Re1 Rxh2 39.d6 Rg2 40.Re3 Rb2 41.Ke7 Rxb4 42.d7 Rd4
43.d8=Q+ Rxd8 44.Kxd8 Kb7 45.Kd7 b5 46.Kd6 Kb6 47.Kd5 Ka5 48.Re7 a6 49.Kc5 Ka4
50.Rxh7 b4 51.Kc4 a5 52.Rg7 Ka3 53.Rxg6 a4 54.Ra6 b3 55.Kc3 b2 56.Rb6 Ka2
57.Rxb2+ Ka3 58.Rb4  1-0

[Event "Cappelle op"]
[Site "Cappelle la Grande"]
[Date "1993.??.??"]
[Round "6"]
[White "Mitkov, Nikola"]
[Black "Lendwai, Reinhard"]
[Result "1-0"]
[WhiteElo "2505"]
[BlackElo "2410"]

1.e4 c5 2.Nc3 Nc6 3.Nf3 d6 4.d4 cxd4 5.Nxd4 Nf6 6.Bc4 e6 7.Be3 a6 8.Bb3 Bd7
9.f4 b5 10.f5 b4 11.fxe6 fxe6 12.Nce2 Qc8 13.O-O Be7 14.Ng3 h5 15.c3 Nxd4
16.cxd4 h4 17.Ne2 h3 18.Nf4 hxg2 19.Rf2 Qb7 20.e5 Ne4 21.Rc2 Ng5 22.d5 O-O
23.Kxg2 Rf5 24.Ng6 Be8 25.Qh5 Nf7 26.Qh3 Nxe5 27.Qh8+ Kf7 28.Bh6 Bf6 29.Nxe5+ Bxe5
30.Rac1 Kg6 31.Rc7 Bf7 32.Rxb7 Rxh8 33.dxe6 Be8 34.Bc2 Rxh6 35.Bxf5+ Kxf5
36.Re7 Bb5 37.Rb7 Rxe6 38.Rb8 Rg6+ 39.Kf3 Rh6 40.Rf8+  1-0

[Event "Cappelle op"]
[Site "Cappelle la Grande"]
[Date "1993.??.??"]
[Round "6"]
[White "Makarichev, Sergey"]
[Black "Wians, Camille"]
[Result "1-0"]
[WhiteElo "2545"]
[BlackElo "2265"]

1.e4 c5 2.Nc3 Nc6 3.Nf3 e5 4.Bc4 d6 5.d3 Be7 6.O-O Nf6 7.Ng5 O-O 8.f4 h6
9.Nf3 exf4 10.Bxf4 Bg4 11.Qd2 Kh7 12.Rae1 Nd7 13.Nd5 Nde5 14.Nxe5 Nxe5 15.Bxe5 dxe5
16.Ne3 Be6 17.Bxe6 fxe6 18.Rxf8 Bxf8 19.Kh1 Be7 20.Nc4 b5 21.Nxe5 Bg5 22.Qf2 Bh4
23.g3 Bf6 24.Nf3 Bxb2 25.Rb1 Qf6 26.e5 Qe7  1-0

[Event "Cappelle op"]
[Site "Cappelle la Grande"]
[Date "1993.??.??"]
[Round "8"]
[White "Atlas, Valeri"]
[Black "Fauland, Alexander"]
[Result "0-1"]
[WhiteElo "2470"]
[BlackElo "2420"]

1.e4 c5 2.Nf3 Nc6 3.Nc3 e5 4.Bc4 Be7 5.Nd5 Nf6 6.d3 d6 7.Nxe7 Qxe7 8.c3 Be6
9.Qe2 h6 10.O-O Bxc4 11.dxc4 g5 12.Rd1 Qe6 13.b4 b6 14.a4 Rc8 15.a5 Nd7 16.axb6 axb6
17.Ne1 cxb4 18.cxb4 Nd4 19.Qd3 O-O 20.h4 Rxc4 21.hxg5 Rc3 22.Qf1 hxg5 23.Bb2 Rc4
24.Bxd4 exd4 25.Nf3 Rfc8 26.Nxg5 Qg4 27.f4 Rc2 28.Qf3 Qh4 29.Rxd4 R8c3 30.Qf1 Nf6
31.Nf3 Qxf4 32.e5 Qe3+ 33.Kh2 dxe5 34.Rh4 Rf2 35.Qd1 Rd3 36.Qa4 Qxf3 37.Qa8+ Qxa8
38.Rxa8+ Kg7 39.Rb8 Rdd2 40.Rxb6 Rxg2+ 41.Kh1 Rge2  0-1